Представление документа в формате MARC21

Поле Инд. ПП Название Значение
Тип записи a
Библиографический уровень b
001 Контрольный номер RU/IS/BASE/294407699
005 Дата корректировки 20241107101841.5
008 Кодируемые данные 20090430
040 b Код языка каталог. rus
e Правила каталог. PSBO
041 0_ a Код языка текста rus
084 a Индекс другой классификации/Индекс ББК 83.3(4Гре)6
100 1_ a Автор Волкова А. Г.
245 10 a Заглавие Мотив идеального города в творчестве Константиноса Кавафиса
504 a Библиография Библиогр.: с. 170
600 14 a Персоналии Кавафис Константинос
650 14 a Основная рубрика история литературы
a Основная рубрика литературоведение
a Основная рубрика филологические науки
653 0_ a Ключевые слова "Мирис (Александрия, 340 год)"
a Ключевые слова XIX век
a Ключевые слова XX век
a Ключевые слова города
a Ключевые слова городаа тема
a Ключевые слова Греция
a Ключевые слова поэзия
a Ключевые слова стихотворения
773 08 t Заглавие источника Вестник Московского университета. Серия 9, Филология
d Дата издания источника 2008
g Прочая информация № 6. - С. 166 - 170
w Контрольный № источника RU/IS/BASE/293109115
901 t Тип документа b